El duque de Bailén - El ejército español en 1808 - Historia militar de la Guerra de La Independencia - Sus consecuencias para la organización militar de España : 2ª conferencia [del ciclo "La España del siglo XIX", Ateneo Científico, Literario y Artístico de Madrid] / (Record no. 170403)

MARC details
000 -LEADER
campo de control de longitud fija 01346nab a2200217 i 4500
001 - NÚMERO DE CONTROL
campo de control 170403
003 - IDENTIFICADOR DE NÚMERO DE CONTROL
campo de control ES-MaACL
005 - FECHA Y HORA DE LA ÚLTIMA TRANSACCIÓN
campo de control 20251017063112.0
008 - DATOS DE LONGITUD FIJA--INFORMACIÓN GENERAL
campo de control de longitud fija 090304m18861887sp 000 s spa d
100 ## - ENTRADA PRINCIPAL--NOMBRE DE PERSONA
Nombre de persona Fernández San Román, Eduardo,
Títulos y otros términos asociados al nombre Marqués de San Román,
Fechas asociadas al nombre 1818-1887
9 (RLIN) 227092
245 10 - MENCIÓN DEL TÍTULO
Título El duque de Bailén - El ejército español en 1808 - Historia militar de la Guerra de La Independencia - Sus consecuencias para la organización militar de España : 2ª conferencia [del ciclo "La España del siglo XIX", Ateneo Científico, Literario y Artístico de Madrid] /
Mención de responsabilidad, etc. orador, el teniente general marqués de San Román.
600 14 - PUNTO DE ACCESO ADICIONAL DE MATERIA--NOMBRE DE PERSONA
Nombre de persona Castaños, Francisco Javier,
Fechas asociadas al nombre 1758-1852
9 (RLIN) 157491
610 24 - PUNTO DE ACCESO ADICIONAL DE MATERIA--NOMBRE DE ENTIDAD CORPORATIVA
Nombre de entidad corporativa o nombre de jurisdicción como elemento de entrada Ateneo de Madrid-
Subdivisión de forma Conferencias-
Subdivisión cronológica S.XIX.
9 (RLIN) 1910
610 24 - PUNTO DE ACCESO ADICIONAL DE MATERIA--NOMBRE DE ENTIDAD CORPORATIVA
Nombre de entidad corporativa o nombre de jurisdicción como elemento de entrada Ateneo de Madrid-
Subdivisión de forma Obras digitalizadas.
9 (RLIN) 1930
651 #4 - PUNTO DE ACCESO ADICIONAL DE MATERIA--NOMBRE GEOGRÁFICO
Nombre geográfico España-
Subdivisión general Historia-
Subdivisión cronológica 1808-1814, Guerra de la Independencia
9 (RLIN) 8244
773 0# - ASIENTO DE ITEM FUENTE
Título La España del siglo XIX : colección de conferencias históricas celebradas durante el curso de 1885-86 [y curso de 1886-87],
Lugar, editor y fecha de publicación Madrid : Librería de Don Antonio San Martín, 1886-1887,
Parte(s) relacionada(s) T.1, p. 41-79
Número bibliográfico anfitrión 82158
Número de ítem anfitrión 85194
Número de control del registro 82158
856 4# - LOCALIZACIÓN Y ACCESO ELECTRÓNICOS
Identificador Uniforme de Recursos <a href="http://www.ateneodemadrid.com/biblioteca_digital/folletos/Folletos-0092.pdf">http://www.ateneodemadrid.com/biblioteca_digital/folletos/Folletos-0092.pdf</a>
Nota pública Ver documento
942 ## - ELEMENTOS DE ENTRADA SECUNDARIOS (KOHA)
Tipo de ítem Koha Capítulo de libro
Fuente del sistema de clasificación o colocación Clasificación decimal universal

No items available.